| 000 | 00293nam a22000977a 4500 | ||
|---|---|---|---|
| 999 |
_c517017 _d517017 |
||
| 082 | _aTNC B2x54 W28 | ||
| 100 |
_aWaslekar,Sundeep _924087 |
||
| 245 |
_aDharma rajya : _bPath-breaking reforms for Indi's governance _cBy Sundeep Waslekar |
||
| 260 |
_aDelhi _bKonark Publishers _c1998 |
||
| 300 | _a208p. | ||